000 00654nam a2200181Ia 4500
008 100920s9999 xx 000 0 und d
082 _b97534
_a330 न 06
100 _aअनास्कर विद्याधर.
245 _aबँका विषयी सर्वकाही.
260 _bराजहंस, पुणे.
_c2006
300 _a151
_bसाधी
365 _b180
520 _aअर्थशास्त्र.
630 _aबँका विषयी सर्वकाही.
650 _aअर्थशास्त्र.
730 _aबँका विषयी सर्वकाही.
942 _cBOOK
999 _c737972
_d737969